UBT Library

The loggers / (Record no. 1012)

000 -LEADER
fixed length control field 00462nam a22001577a 4500
005 - DATE AND TIME OF LATEST TRANSACTION
control field 20150609052218.0
008 - FIXED-LENGTH DATA ELEMENTS--GENERAL INFORMATION
fixed length control field 150609b xxu||||| |||| 00| 0 eng d
041 0# - LANGUAGE CODE
Language code of text/sound track or separate title eng
080 ## - UNIVERSAL DECIMAL CLASSIFICATION NUMBER
Universal Decimal Classification number 630.24
245 ## - TITLE STATEMENT
Title The loggers /
Statement of responsibility, etc by the editors of Time-Life Books ; with text by Richard L. Williams.
260 ## -
-- New York :
-- Time-Life Books,
-- c1976.
300 ## -
-- 240 f. :
-- me il.;
-- 28 cm.
650 #0 -
-- Drupreresit
700 1# -
-- Richard L. Williams
942 ## - ADDED ENTRY ELEMENTS (KOHA)
Source of classification or shelving scheme
Item type Books
Holdings
Withdrawn status Lost status Source of classification or shelving scheme Damaged status Not for loan Collection code Permanent location Current location Shelving location Date acquired Total Checkouts Full call number Date last seen Price effective from Koha item type
          Koleksioni i përgjithshem UBT - Prishtine UBT - Prishtine Koleksioni i përgjithshem 06/09/2015   630.24 LOG 06/09/2015 06/09/2015 Books
UBT Library © 2015-2024. All rights reserved University Education for Business and Technology